000
00301nam a22001337a 4500
008
180927b xxu||||| |||| 00| 0 eng d
020
_a
9781612890845
041
_a
eng
080
_a
610
100
_a
3
101
_a
SHM
245
_a
Communicating About Hiv Aids
_c
Walker.K.L
942
_2
udc
_c
BK
999
_c
48539
_d
48539